000 00364nam a2200169Ia 4500
100 _acalaprice/Alice
650 _aBiography
942 _cBK
366 _f28
654 _aalbert eistein
245 _aAlbert Einstein:A biography
260 _bJaico Publishing House
_c205
082 _bCAL
300 _a161
546 _aENGLISH
_cComputers
999 _c17859
_d17859